000 00565nam a2200193Ia 4500
008 101110s9999 xx 000 0 und d
041 _aENGLISH
082 _bSR10264
_a651.75
100 _aPradhan N.S.
245 _aCommercial Correspondence, Commercial English Market reports
365 _b15
520 _aCommerce
546 _aENGLISH
630 _aCommercial Correspondence, Commercial English Market reports
650 _aCommerce
655 _aCommerce
730 _aCommercial Correspondence, Commercial English Market reports
942 _cBOOK
999 _c805214
_d805211